Countries with the Highest Smoking Rates - Statistics

General Stats
  • This quiz has been taken 65 times
  • The average score is 7 of 20
Answer Stats
Smoking Rate Country % Correct
34.6 France
80%
38.8 Bulgaria
50%
38.7 Indonesia
50%
39 Serbia
50%
35.2 Bosnia and Herzegovina
48%
37.6 Croatia
48%
32.8 Slovakia
48%
31.6 Hungary
43%
32.6 Latvia
33%
34.1 Lebanon
31%
46.7 Nauru
31%
38.1 Papua New Guinea
31%
35 Cyprus
30%
32.2 Tuvalu
30%
37.2 East Timor
28%
36.3 Jordan
24%
36.8 Kiribati
24%
36.1 Solomon Islands
24%
42.3 Myanmar
22%
36.4 Andorra
13%
No matching quizzes found
Score Distribution
Percent of People with Each Score
Percentile by Number Answered
Your Score History
You have not taken this quiz